Information economy report 2012: the software industry and developing countries : overview (Record no. 84963)

MARC details
000 -LEADER
fixed length control field 00866nam a2200229 4500
003 - CONTROL NUMBER IDENTIFIER
control field CBULib
005 - DATE AND TIME OF LATEST TRANSACTION
control field 20240424094548.0
008 - FIXED-LENGTH DATA ELEMENTS--GENERAL INFORMATION
fixed length control field 240424b |||||||| |||| 00| 0 eng d
040 ## - CATALOGING SOURCE
Original cataloging agency CBULib
Language of cataloging English
Transcribing agency CBULib
Description conventions rda
041 ## - LANGUAGE CODE
Language code of text/sound track or separate title eng
050 ## - LIBRARY OF CONGRESS CALL NUMBER
Classification number UNCTAD(058)IERO/2012
110 ## - MAIN ENTRY--CORPORATE NAME
Corporate name or jurisdiction name as entry element United Nations Conference on Trade and Development (UNCTAD)
245 ## - TITLE STATEMENT
Title Information economy report 2012: the software industry and developing countries : overview
Statement of responsibility, etc / by United Nations Conference on Trade and Development (UNCTAD)
260 ## - PUBLICATION, DISTRIBUTION, ETC. (IMPRINT)
Place of publication, distribution, etc New York :
Name of publisher, distributor, etc United Nations,
Date of publication, distribution, etc 2012
300 ## - PHYSICAL DESCRIPTION
Extent vi, 10 pages : illustrations
336 ## - CONTENT TYPE
Source rdacontent
Content type term Text |
Content type code txt
337 ## - MEDIA TYPE
Source rdamedia
Media type term Unmediated |
Media type code n
338 ## - CARRIER TYPE
Source rdacarrier
Carrier type term Volume
Carrier type code nc
650 ## - SUBJECT ADDED ENTRY--TOPICAL TERM
Topical term or geographic name as entry element ANNUAL REPORT (UNCTAD)--INFORMATION ECONOMY
650 ## - SUBJECT ADDED ENTRY--TOPICAL TERM
Topical term or geographic name as entry element SOFTWARE INDUSTRY--DEVELOPING COUNTRIES
942 ## - ADDED ENTRY ELEMENTS (KOHA)
Koha item type INTERNATIONAL PUBLICATIONS
Source of classification or shelving scheme
Holdings
Withdrawn status Lost status Source of classification or shelving scheme Damaged status Not for loan Collection code Permanent Location Current Location Shelving location Date acquired Source of acquisition Total Checkouts Full call number Barcode Date last seen Copy number Price effective from Koha item type
          Special Collections CBU-MAIN LIBRARY, KITWE. CBU-MAIN LIBRARY, KITWE. Special Collections 04/24/2024 DEP-UNCTAD   UNCTAD(058)IERO/2012 B679 04/24/2024 1 04/24/2024 INTERNATIONAL PUBLICATIONS